Statistics for Belarus bordering countries

Click here to take the quiz!

General Stats

  • This quiz has been taken 170 times
  • The average score is 5 of 5

Answer Stats

Hint Answer % Correct
959 KmRussia
100%
891 KmUkraine
100%
680 KmLithuania
99%
605 KmPoland
97%
171 KmLatvia
95%

Score Distribution

Percentile by Number Answered

Percent of People with Each Score

Your Score History

You have not taken this quiz